| 000 | 01580nam a22001457a 4500 | ||
|---|---|---|---|
| 999 |
_c530750 _d530750 |
||
| 008 | 250714b ||||| |||| 00| 0 eng d | ||
| 100 |
_aBeauregard, Katrine _955045 |
||
| 245 | _a Are men and women contacted differently by electoral campaigns? A cross-national examination of gender gaps | ||
| 260 | _aInternational Political Science Review | ||
| 300 | _a46(2), Mar, 2025: p.219-234 | ||
| 520 | _aAlthough a large literature investigates cross-national differences in party mobilization, little is known about cross-national gender differences in electoral campaign contacts. Using the Comparative Study of Electoral System Module 4, which includes data from 2011 to 2016 and 32 countries, I find gendered patterns in reported contacts across different activities performed by campaigns. I test two potential explanation for these variations: electoral systems and women’s political participation. First, I find that women’s likelihood of reported contacts increases to a greater extent than men’s when electoral systems provide incentives for campaigns to increase their contact rates, decreasing and even reversing gender gaps. Second, I find limited support regarding the impact of the percentage of women in legislatures on gender differences in reported electoral campaign contacts.- Reproduced https://journals.sagepub.com/doi/full/10.1177/01925121241248450 | ||
| 650 |
_aElectoral campaign contacts, Party mobilization, Electoral systems, Gender gaps, Women’s representation. _955046 |
||
| 773 | _aInternational Political Science Review | ||
| 942 | _cAR | ||